000 00504nam a2200181Ia 4500
005 20250508162550.0
008 008 250505s9999 xx 000 0 eng d
037 _aTextual
040 _aFEDL
_beng
_cFEDL
041 _aeng
_2eng
084 _a200.1, MUR
_qFEDL
100 _aMurty K. Satchidananda
245 0 _aRealm of between
260 _aShimla, India
_bIndian Institute of Advanced Study
_c1973
300 _axv,221p.
942 _cTEXL
_h200.1, MUR
999 _c1377338
_d1377338